000 00809nab a2200229 uc4500
001 662641
005 20240201163301.0
008 010508s1994 spa
035 _a662641
035 _a(OCoLC)819907083
040 _ccomduadb
041 _aspa
100 1 0 _aBoada Cajigas, Luis Rafael
_4aut
_eaut
_9334792
245 1 0 _aUtilizacion de tres niveles de porquinaza deshidratada en la alimentacion de cerdos en acabado
650 _aPorquinaza
_919594
650 _aAlimentación animal
_926180
650 _aPorcinos
_920265
700 1 0 _aDuran Borrero, Fabio Hernando
_4aut
_eaut
_9520873
700 1 0 _aMuñoz Chacon, Ximena
_4aut
_eaut
_9334793
773 0 _tZootecnia (Nariño)
_gVol. 02, No. 04-05, 1994/Zootecnia (Narino), p. 272-278
_w358602
_x0120-7113
_0112106
942 _cARIMP
999 _c197811
_d197811